Asian Journal of Management Cases (Record no. 41529)

MARC details
000 -LEADER
fixed length control field 00351nam a22001337a 4500
008 - FIXED-LENGTH DATA ELEMENTS--GENERAL INFORMATION
fixed length control field 240923b |||||||| |||| 00| 0 eng d
022 ## - INTERNATIONAL STANDARD SERIAL NUMBER
International Standard Serial Number 09728201
041 ## - LANGUAGE CODE
Language code of text/sound track or separate title English
245 ## - TITLE STATEMENT
Title Asian Journal of Management Cases
260 ## - PUBLICATION, DISTRIBUTION, ETC.
Place of publication, distribution, etc. New Dehli
Name of publisher, distributor, etc. Sage Publication
Date of publication, distribution, etc. March 2024
300 ## - PHYSICAL DESCRIPTION
Extent 122
856 ## - ELECTRONIC LOCATION AND ACCESS
Uniform Resource Identifier <a href="journals.sagepub.com/home/ajc">journals.sagepub.com/home/ajc</a>
942 ## - ADDED ENTRY ELEMENTS (KOHA)
Koha item type Serial
Holdings
Withdrawn status Lost status Source of classification or shelving scheme Damaged status Not for loan Home library Current library Date acquired Serial Enumeration / chronology Total Checkouts Barcode Date last seen Price effective from Koha item type
    Dewey Decimal Classification     IMTN IMTN 09/25/2024 Vol. 21, No. 1   P10 09/25/2024 09/25/2024 Serial
    Dewey Decimal Classification     IMTN IMTN 09/25/2024 Vol.21 , No. 2   P11 04/30/2025 09/25/2024 Serial
    Dewey Decimal Classification     IMTN IMTN 09/29/2025 Vol. 22, No. 1   P883 09/29/2025 09/29/2025 Serial
    Dewey Decimal Classification     IMTN IMTN 11/03/2025 Vol. 22, No. 2   P985 11/03/2025 11/03/2025 Serial
Designed & Maintained by: LRC IMT Nagpur Contact: lrc@imtnag.ac.in© 2024. All Rights Reserved.